|
|
|
|
| LEADER |
00000nam a2200000 a 4500 |
| 001 |
UCU5356 |
| 003 |
CL-VaPUC |
| 008 |
960531e19830000UK |||||||||||||||||eng|d |
| 082 |
0 |
4 |
|a 621.319
|b REE
|2 21
|
| 100 |
0 |
|
|a Reeves, E. A
|e author
|9 363331
|
| 700 |
0 |
|
|a Howell, A. G
|e author
|9 363332
|
| 245 |
1 |
0 |
|a Handbook of electrical installation practice
|
| 300 |
|
|
|a 2 v
|
| 942 |
|
|
|c BK
|
| 945 |
|
|
|d 19960531 00:00:00
|a paguirre
|
| 260 |
|
|
|a Londres
|b Granada
|c 1983
|
| 500 |
|
|
|a v.1: Systems, standards and safety
|
| 500 |
|
|
|a v.2: Equipment
|
| 650 |
|
7 |
|a INSTALACIONES ELECTRICAS
|2 CL-VaPUC
|9 262736
|
| 650 |
|
0 |
|a Transformadores
|9 345471
|
| 650 |
|
0 |
|a Circuitos eléctricos
|9 260262
|
| 650 |
|
0 |
|a Motores eléctricos
|9 260085
|
| 650 |
|
7 |
|a CABLES ELECTRICOS
|2 CL-VaPUC
|9 263131
|
| 583 |
|
|
|a last modification
|c 20121219 10:57:19
|k Rodrigo Vera
|
| 999 |
|
|
|c 248748
|d 248746
|
| 952 |
|
|
|0 0
|1 0
|4 0
|6 621_319000000000000_REE_1983
|7 0
|8 A
|9 265575
|a BIBING
|b BIBING
|d 2019-11-19
|h v.1
|i 1673610
|o 621.319 REE 1983
|p 1673610
|r 2025-01-20
|w 2019-11-19
|y BK
|k EIE
|
| 952 |
|
|
|0 0
|1 0
|4 0
|6 621_319000000000000_REE_1983
|7 0
|8 A
|9 265576
|a BIBING
|b BIBING
|d 2019-11-19
|h v.2
|i 1673009
|o 621.319 REE 1983
|p 1673009
|r 2025-01-20
|w 2019-11-19
|y BK
|k EIE
|